Countries of Asia - But The Wrong Countries Light Up - Statistics

General Stats
  • This quiz has been taken 30 times
  • The average score is 39 of 48
Answers on the Map
Answers color-coded by a green-red scale on the quiz's map according to % correct below.
 
Answer Stats
Country % Correct
China
93%
Cambodia
90%
India
90%
Laos
90%
North Korea
90%
Bangladesh
87%
Indonesia
87%
Kazakhstan
87%
Mongolia
87%
Nepal
87%
Philippines
87%
Saudi Arabia
87%
Sri Lanka
87%
Turkey
87%
Vietnam
87%
Japan
83%
Malaysia
83%
Pakistan
83%
Singapore
83%
South Korea
83%
Taiwan
83%
Tajikistan
83%
Uzbekistan
83%
Yemen
83%
Azerbaijan
80%
Iran
80%
Kuwait
80%
Oman
80%
Thailand
80%
Afghanistan
77%
Armenia
77%
Bahrain
77%
Bhutan
77%
Brunei
77%
Georgia
77%
Iraq
77%
Kyrgyzstan
77%
Maldives
77%
Myanmar
77%
Qatar
77%
Syria
77%
Turkmenistan
77%
United Arab Emirates
77%
Israel
73%
Cyprus
70%
East Timor
70%
Jordan
67%
Lebanon
67%
No matching quizzes found
Score Distribution
Percent of People with Each Score
Percentile by Number Answered
Your Score History
You have not taken this quiz